| 000 | 00591cam a2200181 a 4500 | ||
|---|---|---|---|
| 001 | 000008280 | ||
| 005 | 20200929161325.0 | ||
| 008 | 820621s1980 pr 001 0 spa | ||
| 040 |
_aDO-SdBNP _cDLC _dDLC |
||
| 082 |
_aPR863.44 _bR175p |
||
| 100 | 1 |
_aRamos, Juan Antonio, _d1948- _922420 |
|
| 245 | 1 | 0 |
_aPactos de silencio y algunas erratas de fe / _cJuan Antonio Ramos. |
| 260 |
_aRío Piedras, Puerto Rico : _bCultural, _c1980. |
||
| 300 |
_a110 p. ; _c21 cm. |
||
| 650 | 4 |
_aCuentos puertorriqueños _9249 |
|
| 650 | 4 |
_aLiteratura puertorriqueña _9250 |
|
| 910 | _aCatalogación por copia / LC | ||
| 999 |
_c8051 _d8051 |
||